00649nam a2200205Ia 4500008004100000050001300041050001500054100002800069245011800097245002800215260003100243260001000274260001000284300001500294300002000309300001100329500005600340521002800396999001900424170504s9999 xx 000 0 und d aHF 5549  b.D285 2016 aDe Asis, Jezelle Mae B. aFactors affecting attendance performance among college teachers of southville international school and colleges / cJezelle Mae B. De Asis. aLas Piñas, Philippines : bSISC, c2016. a59 pages : billustrations ; c28 cm. aIncludes bibliographical references and appendices. aBusiness Administration c329809d329809